000 00359nam a22001457a 4500
008 210430b ||||| |||| 00| 0 eng d
020 _a9780964351981
041 _aeng
080 _a159.9
082 _a159.9
100 _a48
101 _aPSI
245 _aThe Kelee an Understanding of the Psychology of Spirituality
_cRon W. Rathbun
942 _2udc
_cBK
999 _c57067
_d57067